Phép tính vi phân và tích phân. t.I /

Сохранить в:
Библиографические подробности
Главный автор: Grauert, Hans
Другие авторы: Mai Thúc Ngỗi (dịch), Nguyễn Thủy Thanh (dịch), Fischer, Wolfgang, Lier, Ingo
Формат: Sách giấy
Язык:Vietnamese
Опубликовано: Hà Nội : Đại học và Trung học Chuyên nghiệp , 1977
Метки: Добавить метку
Нет меток, Требуется 1-ая метка записи!
Thư viện lưu trữ: Thư viện Trường Đại học Đà Lạt
LEADER 00795nam a2200277 4500
001 DLU020001260
005 ##1/29/1999
041 # # |a vie 
082 # # |a 515  |b GR-H 
100 # # |a Grauert, Hans 
245 # # |a Phép tính vi phân và tích phân.  |n t.I /  |c Hans Grauert, Ingo Lier, Wolfgang Fischer; Mai Thúc Ngỗi và Nguyễn Thủy Thanh dịch 
260 # # |a Hà Nội :  |b Đại học và Trung học Chuyên nghiệp ,  |c 1977 
300 # # |a 497 tr.;   |c 19 cm. 
700 # # |a Mai Thúc Ngỗi  |e dịch 
700 # # |a Nguyễn Thủy Thanh  |e dịch 
700 # # |a Fischer, Wolfgang 
700 # # |a Lier, Ingo 
992 # # |a 756 
994 # # |a DLU 
900 # # |a False 
911 # # |a Administrator 
925 # # |a G 
926 # # |a A 
927 # # |a SH 
980 # # |a Thư viện Trường Đại học Đà Lạt